Miesto e-learningu v pedagogickom procese

Analýza vývoja, súčasného stavu, vrátane legislatívnej úpravy, ako aj významu a možností napredovania vzdelávania a pedagogického procesu v Slovenskej republike formou e-learningu. Empirická analýza, uskutočnená štúdiom knižnej, časopiseckej a internetovej literatúry.

Guardado en:
Detalles Bibliográficos
Autor principal: Jurkovičová, Lujza
Formato: Capítulo de libro
Lenguaje:eslovaco
Materias:
Etiquetas: Agregar Etiqueta
Sin Etiquetas, Sea el primero en etiquetar este registro!

MARC

LEADER 00000nla a2200000 4500
001 0175094
005 20240502073002.9
041 0 |a slo 
044 |a SK 
245 1 0 |a Miesto e-learningu v pedagogickom procese  |c Lujza Jurkovičová 
520 |a Analýza vývoja, súčasného stavu, vrátane legislatívnej úpravy, ako aj významu a možností napredovania vzdelávania a pedagogického procesu v Slovenskej republike formou e-learningu. Empirická analýza, uskutočnená štúdiom knižnej, časopiseckej a internetovej literatúry. 
610 2 0 |a školstvo 
610 2 0 |a Slovensko 
610 2 0 |a legislatíva 
610 2 0 |a vzdelávanie elektronické 
100 1 |a Jurkovičová, Lujza